ბათუმის შოთა რუსთაველის სახელმწიფო უნივერსიტეტის ბიბლიოთეკა

კარტოფილის წარმოების ტექნოლოგია : (ბიბ.ჩანაწერი № 36424)

000 -ლიდერი
ფიქსირებული სიგრძის საკონტროლო ველი 01457nam a2200289Ia 4500
001 - საკონტროლო ნომერი
საკონტროლო ველი 2338
003 - საკონტროლო ნომრის იდენტიფიკატორი
საკონტროლო ველი GE_BSU
005 - ბოლო ოპერაციის თარიღი და დრო
საკონტროლო ველი 20190529183319.0
008 - ფიქსირებული სიგრძის მონაცემთა ელემენტები - ზოგადი ინფორმაცია
ფიქსირებული სიგრძის საკონტროლო ველი 181216s2009||||ge |||||||||||||| ||geo||
020 ## - წიგნის საერთაშორისო სტანდარტული ნომერი
International Standard Book Number 9789941409189
040 ## - კატალოგიზაციის წყარო
Transcribing agency GE_BSU
041 ## - ენის კოდი
Language code of text/sound track or separate title geo
080 ## - უნივერსალური ათობითი კლასიფიკაციის ინდექსი
Universal Decimal Classification number 633.4(035)
100 ## - მთავარი ჩანაწერი - პიროვნების სახელი
Personal name ვერულიძე, გულნარა
9 (RLIN) 1810
245 ## - ცნობა სათაურის შესახებ
Title კარტოფილის წარმოების ტექნოლოგია :
Remainder of title სახელმძღვ. ცნობარი ფერმერთათვის /
Statement of responsibility, etc ავტ.: გულნარა ვერულიძე, ციალა ბოლქვაძე, შოთა ლამპარაძე ; რედ. ო. შაინიძე.
264 ## - წარმოების, გამოცემის, დისტრიბუციის და სხვა ცნობები
გამოცემის, წარმოების, დისტრიბუციის... ადგილი ბათუმი :
გამოცემის, წარმოების, დისტრიბუციის... სახელწოდება შოთა რუსთაველის სახელმწ. უნ-ტის გამ-ბა,
გამოცემის, წარმოების, დისტრიბუციის... თარიღი 2009.
300 ## - ფიზიკური აღწერა
Extent 46 გვ.:
Other physical details ილ.;
Dimensions 20 სმ.
504 ## - BIBLIOGRAPHY, ETC. NOTE
Bibliography, etc ბიბლიოგრ.: გვ. 45.
653 ## - INDEX TERM--UNCONTROLLED
Uncontrolled term კარტოფილის წარმოება
653 ## - INDEX TERM--UNCONTROLLED
Uncontrolled term მეკარტოფილეობა
653 ## - INDEX TERM--UNCONTROLLED
Uncontrolled term ცნობარები
700 ## - ADDED ENTRY--PERSONAL NAME
Personal name ბოლქვაძე, ციალა
Relator term ავტორი
9 (RLIN) 1811
700 ## - ADDED ENTRY--PERSONAL NAME
Personal name ლამპარაძე, შოთა
Relator term ავტორი
9 (RLIN) 1795
700 ## - ADDED ENTRY--PERSONAL NAME
Personal name შაინიძე, ო.
Relator term რედაქტორი
9 (RLIN) 1798
942 ## - ADDED ENTRY ELEMENTS (KOHA)
Koha item type წიგნი
Source of classification or shelving scheme
ეგზემპლარები
ჩამოწერის სტატუსი დაკარგული ეგზემპლარის სტატუსი კლასიფიკაციის წყარო ან თაროზე გაწყობის სქემა დაზიანების სტატუსი არ გაიცემა მუდმივი მდებარეობა (დაცვის ადგილი) ამჟამინდელი ადგილსამყოფელი თაროზე განთავსების ადგილი შეძენის თარიღი ღირებულება, შესყიდვის ნორმალური ფასი სრული შენახვის შიფრი შტრიხკოდი ბოლო ოპერაციის თარიღი ეგზემპლარის მიმდევრობითი ნომერი (კეტერი?) ფასის ძალაში შესვლის თარიღი ეგზემპლარის სახეობა საჯარო შენიშვნა Uniform Resource Identifier
          აგრარული და მემბრანული ტექნოლოგიების ინსტიტუტის ბიბლიოთეკა აგრარული და მემბრანული ტექნოლოგიების ინსტიტუტის ბიბლიოთეკა წიგნსაცავი 2025-04-22 2.00 633.4(035) 71193 2025-04-22 71193 2025-04-22 წიგნი 2.00 ნაჩუქარი
          ბათუმის შოთა რუსთაველის სახელმწიფო უნივერსიტეტის მთავარი ბიბლიოთეკა ბათუმის შოთა რუსთაველის სახელმწიფო უნივერსიტეტის მთავარი ბიბლიოთეკა წიგნსაცავი 2018-12-17 2.00 633.4(035) ვ–39 4448 2018-12-17 4448 2018-12-17 წიგნი 2 ლ.